[Event "Match"]
[Site "www.echecsemail.com"]
[Date "2015.10.25"]
[Round "1"]
[White "Ranjachess"]
[Black "Rindrandria"]
[WhiteElo "1780"]
[BlackElo "1510"]
[Result "0-1"]
[Round "1"]
1.e4 e5
2.f4 exf4
3.d4 Qd8h4
4.Kd2 Qh4f2
5.Ng1e2 f3
6.gxf3 Qf2xf3
7.Ne2g3 Qf3f2
8.Kd3 g6
9.Bc1e3 Qf2f6
10.e5 Qf6c6
11.c4 Qc6a6
12.Nb1c3 c6
13.d5 d6
14.Be3f4 Bf8g7
15.exd6 Bg7xc3
16.Qd1e2 Kf8
17.bxc3 cxd5
18.Bf4e5 f6
19.Ra1e1 Qa6xc4
20.Kd2 Qc4xa2
21.Kd1 Qa2xe2
22.Re1xe2 Bc8g4
23.Be5d4 a5
24.Bf1g2 Nb8c6
25.Bd4c5 Kg7
26.Rh1e1 a4
27.Bg2xd5 Nc6d8
28.h3 Bg4xe2
29.Re1xe2 Ra8a5
30.Bd5xg8 Ra5xc5
31.Ng3e4 Rc5e5
32.Bg8c4 b5
33.Bc4a2 Rh8e8
34.Ne4g3 Nd8b7
35.Re2d2 Re5e3
36.Ba2d5 Nb7xd6
37.Bd5c6 Re8e6
38.Rd2e2 Nd6f5
39.Bc6d7 Nf5xg3
40.Re2xe3 Re6xe3
41.Kd2 Ng3f1
42.Kc2 Re3e2
43.Kc1 Nf1g3
44.Bd7xb5 Re2e4
45.Kb2 Re4e7
46.Bb5xa4 f5
47.c4 Re7c7
48.Kc3 Ng3e4
49.Kd4 h5
50.h4 Ne4c5
51.Ba4b5 f4
52.Ke5 Rc7f7
53.Kd6 Rf7c7
54.Kxc7 f3
55.Bb5c6 f2
56.Bc6g2 Kf6
57.Kd6 Nc5e4
58.Kd5 Kf5
59.c5 Ne4xc5
60.Kxc5 Kg4
61.Kd4 Kxh4
62.Ke3 Kg3
63.Bg2f1 g5
64.Bf1e2 h4
65.Be2f1 g4
66.Bf1d3 Kg2
67.Kf4 g3
68.Kg4 h3
69.Kh4 Kh2
70.Bd3f5 f1Q
71.Kg4 g2
72.Bf5e4 g1R
73.Kh5 Qf1b5
74.Kh6 Qb5g5
75.Kh7 Qg5g7

0-1

[Event "Match"]
[Site "www.echecsemail.com"]
[Date "2015.10.25"]
[Round "1"]
[White "Farnation"]
[Black "Alexandrub"]
[WhiteElo "1220"]
[BlackElo "1499"]
[Result "0-1"]
[Round "1"]
1.e4 e5
2.Bf1c4 Nb8c6
3.Qd1f3 Ng8f6
4.Ng1h3 h6
5.O-O Bf8c5
6.Qf3g3 Nf6xe4
7.Qg3xg7 Qd8f6
8.Qg7g4 d5
9.Qg4f3 Bc8xh3
10.Qf3xh3 dxc4
11.Nb1c3 Ne4xf2
12.Nc3d5 Nf2xh3
{ resign }
0-1

[Event "Match"]
[Site "www.echecsemail.com"]
[Date "2015.10.25"]
[Round "1"]
[White "Wwgia"]
[Black "Jhw"]
[WhiteElo "2150"]
[BlackElo "2059"]
[Result "1-0"]
[Round "1"]
1.d4 c6
2.c4 d5
3.Nb1c3 dxc4
4.e3 Bc8e6
5.Ng1e2 g5
6.h4 f6
7.hxg5 fxg5
8.Ne2g3 Ng8f6
9.Bf1e2 b5
10.Ng3h5 h6
11.Nh5xf6 exf6
12.Be2h5 Kd7
13.Bc1d2 f5
14.Qd1e2 b4
15.Nc3d1 a5
16.e4 Qd8f6
17.e5 Qf6e7
18.g3 g4
19.Nd1e3 c3
20.bxc3 Nb8a6
21.Ne3g2 Bf8g7
22.Ng2f4 Be6f7
23.Bh5xf7 bxc3
24.Bd2xc3 Qe7a3
25.Bc3b2 Qa3b4
26.Qe2d2 Qb4xd2
27.Kxd2 Ra8b8
28.Bb2a3 Rb8d8
29.Ke3 Na6c7
30.Ra1b1 Kc8
31.Ba3d6 Rd8d7
32.Bf7g6 Bg7xe5
33.dxe5 Rh8d8
34.Bg6xf5 { resign }
1-0

[Event "Match"]
[Site "www.echecsemail.com"]
[Date "2015.10.25"]
[Round "1"]
[White "Micheles"]
[Black "Ericleo1980"]
[WhiteElo "2530"]
[BlackElo "2250"]
[Result "1-0"]
[Round "1"]
1.d4 d5
2.Ng1f3 Ng8f6
3.Bc1g5 Nf6e4
4.Bg5h4 Bc8g4
5.Nb1d2 Ne4d6
6.e3 c6
7.Bf1d3 Qd8b6
8.b3 Nb8d7
9.O-O e6
10.h3 Bg4h5
11.c4 Qb6c7
12.Qd1c2 Bh5g6
13.Bd3xg6 hxg6
14.cxd5 exd5
15.e4 dxe4
16.Nd2xe4 Nd6f5
17.Rf1e1 Bf8b4
18.Ne4d6 Kf8
19.Nd6xf7 Rh8xh4
20.Nf7g5 Qc7a5
21.Qc2c4 Nf5d6
22.Qc4e6 Qa5d5
23.Qe6xd7 Nd6f5
24.Qd7xb7 Bb4xe1
25.Qb7xa8 Ke7
26.Ra1xe1 { resign }
1-0

[Event "Match"]
[Site "www.echecsemail.com"]
[Date "2015.10.25"]
[Round "1"]
[White "Numanoid"]
[Black "Ericleo1980"]
[WhiteElo "2480"]
[BlackElo "2250"]
[Result "1-0"]
[Round "1"]
1.e4 c5
2.Ng1f3 d6
3.d4 cxd4
4.Nf3xd4 Ng8f6
5.Nb1c3 a6
6.Bc1g5 e6
7.f4 Nb8d7
8.Qd1f3 Qd8c7
9.O-O-O b5
10.Bf1d3 Bc8b7
11.Rh1e1 Qc7b6
12.Nc3d5 Qb6xd4
13.Bg5xf6 gxf6
14.Bd3xb5 Qd4xd1
15.Qf3xd1 exd5
16.exd5 Kd8
17.Bb5xd7 Kxd7
18.Qd1h5 Bf8e7
19.Qh5h3 Kd8
20.Qh3b3 Ra8b8
21.Qb3b6 Kd7
22.Re1xe7 Kxe7
23.Qb6c7 { resign }
1-0

[Event "Match"]
[Site "www.echecsemail.com"]
[Date "2015.10.25"]
[Round "1"]
[White "Goofy"]
[Black "Jhw"]
[WhiteElo "2260"]
[BlackElo "1920"]
[Result "1-0"]
[Round "1"]
1.e4 Ng8f6
2.e5 Nf6d5
3.Nb1c3 Nd5xc3
4.dxc3 Nb8c6
5.Ng1f3 f6
6.Bc1f4 e6
7.Bf1d3 Bf8c5
8.Qd1d2 d5
9.O-O-O Qd8e7
10.Rh1e1 Bc8d7
11.exf6 Qe7xf6
12.Bf4xc7 Qf6h6
13.Bc7f4 Qh6h5
14.Nf3e5 Bc5xf2
15.Qd2xf2 Nc6xe5
16.Bf4xe5 Rh8f8
17.Qf2g3 g6
18.Re1f1 Rf8xf1
19.Rd1xf1 g5
20.Qg3f2 Qh5h6
21.Qf2f7 Kd8
22.Qf7g8 Bd7e8
23.Rf1f6 { resign }
1-0

[Event "1/32 Finale"]
[Site "www.chess-mail.com"]
[Date "2015.10.25"]
[Round "1"]
[White "Cristiano"]
[Black "Stepanpech"]
[WhiteElo "1980"]
[BlackElo "2350"]
[Result "1-0"]
[Round "1"]
1.e4 c6
2.d4 d5
3.exd5 cxd5
4.c4 Ng8f6
5.Nb1c3 e6
6.Bc1g5 Nb8c6
7.Ng1f3 Bf8e7
8.Bf1d3 dxc4
9.Bd3xc4 O-O
10.O-O b6
11.a3 Bc8b7
12.Bg5xf6 Be7xf6
13.d5 Nc6a5
14.Bc4a2 Bf6xc3
15.bxc3 Bb7xd5
16.Rf1e1 Bd5xf3
17.Qd1xf3 Ra8c8
18.Re1d1 Qd8c7
19.Ra1c1 Qc7c5
{ time. }
1-0

[Event "1/16 Finale"]
[Site "www.chess-mail.com"]
[Date "2015.10.25"]
[Round "1"]
[White "Schwiizer"]
[Black "Bevittsmith"]
[WhiteElo "2770"]
[BlackElo "2260"]
[Result "1-0"]
[Round "1"]
1.e4 e6
2.d4 d5
3.Nb1d2 c5
4.Ng1f3 Nb8c6
5.exd5 exd5
6.Bf1b5 Bf8d6
7.dxc5 Bd6xc5
8.O-O Ng8e7
9.Nd2b3 Bc5d6
10.Rf1e1 O-O
11.c3 Bc8g4
12.Bc1e3 Qd8c7
13.h3 Bg4h5
14.Bb5d3 Bh5xf3
15.Qd1xf3 Nc6e5
16.Qf3e2 Ne5xd3
17.Qe2xd3 Rf8e8
18.Re1e2 Ra8d8
19.Be3d2 Qc7c4
20.Qd3xc4 dxc4
21.Nb3a5 b5
22.a4 a6
23.axb5 axb5
24.Na5b7 Rd8d7
25.Nb7xd6 Rd7xd6
26.Re2xe7 { resign }
1-0

[Event "Fast Game"]
[Site "www.echecsemail.com"]
[Date "2015.10.25"]
[Round "1"]
[White "Mitja"]
[Black "Maredocla"]
[WhiteElo "1710"]
[BlackElo "1669"]
[Result "1-0"]
[Round "1"]
1.d4 d5
2.e3 Ng8f6
3.h3 Nb8c6
4.a3 a6
5.Ng1f3 Bc8f5
6.c3 g6
7.Bf1d3 Bf5xd3
8.Qd1xd3 e6
9.Nb1d2 Bf8g7
10.Nd2b3 O-O
11.O-O b6
12.Bc1d2 Nf6e4
13.Ra1d1 Qd8c8
14.Bd2c1 h6
15.Nb3d2 f5
16.Qd3e2 Nc6a5
17.Nd2xe4 dxe4
18.Nf3d2 b5
19.f4 c5
20.dxc5 Qc8xc5
21.b4 Qc5xc3
22.bxa5 Qc3xa5
23.Nd2b1 Qa5b6
24.Kf2 Ra8c8
25.Bc1b2 Rc8c6
26.Bb2xg7 Kxg7
27.Qe2b2 Kg8
28.Rd1d7 Rf8f7
29.Rf1d1 Rc6c8
30.Rd1d6 Qb6c5
31.Nb1d2 Rf7xd7
32.Rd6xd7 Qc5f8
33.Qb2e5 Rc8e8
34.Qe5c7 Re8c8
35.Qc7b6 Qf8f6
36.Qb6xa6 Qf6h4
37.Kg1 Rc8e8
38.Qa6xb5 Qh4e1
39.Nd2f1 Qe1c3
40.Qb5b7 Qc3f6
41.a4 Qf6f8
42.Qb7c6 Qf8a3
43.Qc6c7 Qa3f8
44.a5 Re8a8
45.Qc7b6 Ra8b8
46.Qb6xe6 Kh8
47.Qe6xg6 { resign }
1-0

[Event "Tourn. n8383"]
[Site "www.chess-mail.com"]
[Date "2015.10.26"]
[Round "1"]
[White "Falcoale"]
[Black "Jhw"]
[WhiteElo "1950"]
[BlackElo "1920"]
[Result "0-1"]
[Round "1"]
1.e4 c5
2.Ng1f3 e6
3.Bf1c4 a6
4.a3 Nb8c6
5.O-O b5
6.Bc4a2 Bc8b7
7.Rf1e1 Qd8c7
8.d4 O-O-O
9.dxc5 Bf8xc5
10.b4 Bc5a7
11.c4 Ng8f6
12.c5 Nc6e5
 { time }
0-1

[Event "Tourn. n8393"]
[Site "www.chess-mail.com"]
[Date "2015.10.26"]
[Round "1"]
[White "Boyc"]
[Black "Gatrooper"]
[WhiteElo "1530"]
[BlackElo "1530"]
[Result "1-0"]
[Round "1"]
1.e4 e5
2.f4 exf4
3.Ng1f3 Nb8c6
4.d4 Ng8f6
5.Nb1c3 d6
6.Bc1xf4 Bc8g4
7.Bf1b5 a6
8.Bb5xc6 bxc6
9.O-O Bg4xf3
10.Qd1xf3 h6
11.e5 dxe5
12.Qf3xc6 Nf6d7
13.Bf4xe5 f6
14.Be5xc7 Qd8c8
15.Qc6e6 Bf8e7
16.Nc3d5 Qc8d8
17.Bc7xd8 Kxd8
18.Qe6xe7 Kc8
19.Rf1f3 Ra8a7
20.Qe7d6 Rh8d8
21.Rf3c3 Kb7
22.Rc3b3 Nd7b6
23.Rb3xb6 Kc8
24.Rb6b8 { resign }
1-0

[Event "Tourn. n8377"]
[Site "www.chess-mail.com"]
[Date "2015.10.26"]
[Round "1"]
[White "Flick"]
[Black "Jhw"]
[WhiteElo "1870"]
[BlackElo "1900"]
[Result "1/2-1/2"]
[Round "1"]
1.d4 c5
2.d5 e6
3.Nb1c3 Qd8b6
4.e4 a6
5.Ng1f3 f6
6.e5 d6
7.exf6 Ng8xf6
8.dxe6 Bc8xe6
9.Qd1e2 d5
10.Nf3g5 Ke7
11.g3 h6
12.Ng5xe6 Qb6xe6
13.Qe2xe6 Kxe6
14.Bf1h3 Kd6
15.O-O Nb8c6
16.Bc1f4 Nc6e5
17.Rf1e1 Ra8e8
18.Bh3g2 b5
19.Ra1d1 d4
20.Nc3e4 Nf6xe4
21.Re1xe4 g5
22.Bf4xe5 Re8xe5
23.f3 Re5xe4
{ draw }
1/2-1/2

[Event "Tourn. n8443"]
[Site "www.chess-mail.com"]
[Date "2015.10.26"]
[Round "1"]
[White "Dulap"]
[Black "Naujzaid"]
[WhiteElo "1639"]
[BlackElo "1900"]
[Result "1-0"]
[Round "1"]
1.e4 c5
2.Ng1f3 d6
3.d4 cxd4
4.Nf3xd4 Ng8f6
5.Nb1c3 e6
6.Bf1b5 Bc8d7
7.O-O Bf8e7
8.Rf1e1 O-O
9.Bc1g5 Nb8c6
10.Nd4xc6 Bd7xc6
11.Bb5xc6 bxc6
12.e5 Nf6d5
13.Bg5xe7 Qd8xe7
14.Nc3xd5 exd5
15.exd6 Qe7xd6
16.c4 Ra8d8
17.cxd5 cxd5
18.Qd1d4 Rd8d7
19.Re1d1 Rf8e8
20.h3 Re8e4
21.Qd4d3 h6
22.Ra1c1 Qd6e5
23.Rc1c8 { resign }
1-0

[Event "Tourn. n8407"]
[Site "www.chess-mail.com"]
[Date "2015.10.26"]
[Round "1"]
[White "Hansen"]
[Black "Raven16"]
[WhiteElo "1530"]
[BlackElo "1499"]
[Result "0-1"]
[Round "1"]
1.e4 e5
2.Ng1f3 Nb8c6
3.Bf1b5 a6
4.Bb5xc6 dxc6
5.Nf3xe5 Qd8d4
6.Ne5d3 Qd4xe4
7.Kf1 Bc8e6
8.f3 Qe4d4
9.Qd1e1 O-O-O
10.Nd3f2 Ng8f6
11.Qe1xe6 fxe6
12.c3 Qd4b6
13.d3 Bf8c5
14.d4 Bc5e7
15.Bc1e3 Qb6xb2
16.Nb1d2 Qb2xa1
17.Ke2 Qa1xc3
18.Nf2d1 Qc3c2
19.h4 Nf6d5
20.Nd1f2 Nd5xe3
21.Kxe3 Qc2c3
22.Ke2 Rd8xd4
23.Nd2e4 Rh8d8
24.Ne4xc3 Be7b4
25.Nc3a4 b5
26.Na4b2 Rd4d2
27.Kf1 Rd2xb2
{ resign }
0-1

[Event "Tourn. n8449"]
[Site "www.chess-mail.com"]
[Date "2015.10.26"]
[Round "1"]
[White "Wwgia"]
[Black "Bojan"]
[WhiteElo "2200"]
[BlackElo "2100"]
[Result "1-0"]
[Round "1"]
1.d4 Ng8f6
2.c4 d5
3.cxd5 Nf6xd5
4.e4 Nd5b4
5.Qd1a4 Nb4c6
6.d5 Bc8d7
7.dxc6 Bd7xc6
8.Qa4c2 e5
9.Nb1c3 b6
10.Ng1f3 Bf8d6
11.Bf1c4 h6
12.Bc1e3 Qd8f6
13.O-O Nb8d7
14.Ra1d1 Qf6g6
15.Nf3h4 Qg6h7
16.Nh4f5 Bd6c5
17.Nc3d5 Ra8c8
18.Bc4a6 Bc6xd5
19.Ba6xc8 Bd5c6
20.b4 Nd7f6
21.Be3xc5 bxc5
22.Qc2xc5 { resign }
1-0

[Event "Tourn. n8403"]
[Site "www.chess-mail.com"]
[Date "2015.10.26"]
[Round "1"]
[White "Amaya"]
[Black "Pariolinius"]
[WhiteElo "2020"]
[BlackElo "1940"]
[Result "0-1"]
[Round "1"]
1.d4 Ng8f6
2.e3 d5
3.Bf1d3 e6
4.Nb1d2 Bf8d6
5.f4 O-O
6.Ng1f3 Nb8c6
7.c3 Nf6g4
8.Qd1e2 f5
9.Nf3e5 Ng4xe5
10.fxe5 Bd6e7
11.O-O Be7g5
12.Nd2f3 Bg5h6
13.Bc1d2 Bc8d7
14.Bd2e1 Qd8e7
15.Be1h4 g5
16.Bh4g3 Bd7e8
17.Nf3d2 Be8g6
18.a3 Qe7g7
19.Nd2b3 a6
20.Nb3c5 Nc6d8
21.c4 b6
22.Nc5b3 c6
23.cxd5 cxd5
24.Ra1c1 f4
25.exf4 Bg6xd3
26.Qe2xd3 Nd8b7
27.Rc1c6 Qg7d7
28.Rf1c1 Ra8c8
29.Rc6xb6 Rc8xc1
30.Nb3xc1 a5
31.Nc1e2 a4
32.fxg5 Bh6xg5
33.Bg3f2 Nb7d8
34.Bf2e1 Qd7f7
35.Ne2g3 Bg5f4
36.Ng3e2 Bf4e3
37.Qd3xe3 Qf7f1
{ resign }
0-1

[Event "Tourn. n8373"]
[Site "www.chess-mail.com"]
[Date "2015.10.26"]
[Round "1"]
[White "Heiserman"]
[Black "Abuelo"]
[WhiteElo "2100"]
[BlackElo "2150"]
[Result "1-0"]
[Round "1"]
1.d4 d5
2.c4 dxc4
3.Ng1f3 Bc8g4
4.Nf3e5 Bg4e6
5.Qd1a4 c6
6.e3 b5
7.Qa4c2 Ng8f6
8.a4 Nf6g4
9.axb5 Ng4xe5
10.dxe5 cxb5
11.g3 Be6d5
12.e4 Bd5c6
13.Bf1g2 e6
14.O-O Nb8d7
15.b3 Nd7xe5
16.Bc1f4 cxb3
17.Qc2xb3 Ne5c4
18.Rf1d1 Qd8b6
19.Nb1d2 Bf8c5
20.Nd2xc4 Bc5xf2
21.Kh1 bxc4
22.Qb3xc4 O-O
23.Ra1b1 Qb6c5
24.Qc4xc5 Bf2xc5
25.Rd1c1 Bc6xe4
26.Bg2xe4 Ra8c8
27.Be4b7 Rc8d8
{ time. }
1-0

[Event "Tourn. n8423"]
[Site "www.chess-mail.com"]
[Date "2015.10.26"]
[Round "1"]
[White "Libiesse"]
[Black "Fkarpov"]
[WhiteElo "2090"]
[BlackElo "2080"]
[Result "1-0"]
[Round "1"]
1.d4 Ng8f6
2.c4 e6
3.Ng1f3 Bf8e7
4.Nb1c3 c5
5.d5 exd5
6.cxd5 Qd8a5
7.Bc1d2 Qa5b6
8.Qd1c2 d6
9.e4 O-O
10.Qc2a4 Bc8d7
11.Qa4c2 a6
12.Bf1d3 Bd7g4
13.Nf3g1 Nb8d7
14.f3 Bg4h5
15.Ng1e2 Nd7e5
16.Ne2g3 c4
17.Bd3e2 Qb6d4
18.Ng3f5 Ne5d3
19.Be2xd3 cxd3
20.Qc2c1 Qd4e5
21.Bd2f4 Qe5xf5
22.exf5 Be7d8
23.Bf4g5 Rf8e8
24.Kf2 { resign }
1-0

[Event "Tourn. n8442"]
[Site "www.chess-mail.com"]
[Date "2015.10.26"]
[Round "1"]
[White "Huw"]
[Black "Libiesse"]
[WhiteElo "2040"]
[BlackElo "2030"]
[Result "1-0"]
[Round "1"]
1.d4 d5
2.c4 e6
3.Nb1c3 Ng8f6
4.Bc1g5 Bf8e7
5.e3 Nb8d7
6.Ng1f3 h6
7.Bg5f4 O-O
8.Qd1c2 c5
9.O-O-O dxc4
10.Bf1xc4 cxd4
11.Rd1xd4 Qd8a5
12.Kb1 Nf6h5
13.Nc3d5 exd5
14.Rd4xd5 { resign }
1-0

[Event "Tourn. n8363"]
[Site "www.chess-mail.com"]
[Date "2015.10.26"]
[Round "1"]
[White "Gatrooper"]
[Black "Relaxmax"]
[WhiteElo "1520"]
[BlackElo "1499"]
[Result "0-1"]
[Round "1"]
1.e4 c6
2.d4 d5
3.e5 c5
4.dxc5 e6
5.Bc1e3 Ng8h6
6.Be3xh6 gxh6
7.b4 a5
8.bxa5 Nb8c6
9.Ng1f3 Qd8xa5
10.c3 Qa5xc5
11.Bf1e2 Bf8g7
12.O-O Nc6xe5
13.Nf3xe5 Bg7xe5
14.Be2h5 O-O
15.Qd1g4 Kh8
16.Nb1d2 Be5g7
17.Nd2b3 Qc5xc3
18.Ra1c1 Qc3e5
19.Rc1e1 Qe5g5
20.Qg4xg5 hxg5
21.Nb3c5 Ra8xa2
22.Nc5d3 Bc8d7
23.f4 Bd7b5
24.Bh5e2 Bg7d4
25.Kh1 Ra2xe2
26.Nd3b4 Re2b2
27.Rf1f3 g4
28.Rf3d3 Rb2xb4
29.Rd3d1 Rf8a8
30.h3 g3
31.f5 Ra8a2
32.fxe6 fxe6
33.Rd1c1 Bb5c4
34.h4 Rb4b2
35.Rc1a1 e5
36.Ra1xa2 Rb2xa2
37.h5 Ra2a1
38.Re1xa1 Bd4xa1
39.h6 b5
40.Kg1 b4
{ resign }
0-1

[Event "Tourn. n8448"]
[Site "www.chess-mail.com"]
[Date "2015.10.26"]
[Round "1"]
[White "Dulap"]
[Black "Robert66"]
[WhiteElo "1639"]
[BlackElo "1880"]
[Result "0-1"]
[Round "1"]
1.e4 e5
2.Ng1f3 Nb8c6
3.Bf1c4 Ng8f6
4.Nb1c3 Bf8c5
5.O-O O-O
6.d3 a6
7.Bc1g5 h6
8.Bg5h4 Bc5e7
9.Rf1e1 d6
10.h3 Bc8d7
11.d4 exd4
12.Nf3xd4 Nc6xd4
13.Qd1xd4 b5
14.Bc4b3 c5
15.Qd4d3 Rf8e8
16.Bb3d5 Nf6xd5
17.Nc3xd5 Be7xh4
18.Ra1d1 Bd7c6
19.c4 bxc4
20.Qd3xc4 Bc6b5
21.Qc4c3 Bh4f6
22.Nd5xf6 Qd8xf6
23.Qc3xf6 gxf6
24.Rd1xd6 Kg7
25.a3 Ra8d8
{ resign }
0-1

[Event "Tourn. n8378"]
[Site "www.chess-mail.com"]
[Date "2015.10.26"]
[Round "1"]
[White "Flick"]
[Black "Alvarin111"]
[WhiteElo "1870"]
[BlackElo "1880"]
[Result "0-1"]
[Round "1"]
1.d4 e6
2.c4 Bf8e7
3.Ng1f3 h6
4.Nb1c3 Ng8f6
5.e4 O-O
6.Bf1d3 b6
7.Bd3c2 Bc8b7
8.Qd1d3 c6
9.e5 g6
10.exf6 Be7xf6
11.Bc1xh6 Bf6g7
12.Qd3e3 f5
13.Bh6xg7 Kxg7
14.Qe3e5 Qd8f6
15.O-O d5
16.Qe5d6 Nb8a6
17.Qd6e5 dxc4
18.Rf1e1 Na6b4
19.Bc2b1 Nb4d3
20.Qe5xf6 Kxf6
21.Bb1xd3 cxd3
22.Ra1d1 Bb7a6
23.Nf3e5 Ra8d8
24.Ne5xc6 Rd8d6
25.Nc6xa7 Rd6xd4
26.Nc3b5 Ba6xb5
27.Na7xb5 Rd4d7
28.b4 Rf8c8
29.g3 Rc8c2
30.Rd1a1 Rd7d8
31.Kg2 Rd8c8
32.Nb5d4 Rc2c4
33.Re1xe6 Kf7
34.Re6d6 Ke7
35.Rd6e6 Kd7
36.Re6xg6 Rc4xd4
37.Rg6xb6 d2
38.Ra1d1 Rc8c1
{ resign }
0-1

[Event "Tourn. n8408"]
[Site "www.chess-mail.com"]
[Date "2015.10.26"]
[Round "1"]
[White "Yangqi"]
[Black "Cathar"]
[WhiteElo "2520"]
[BlackElo "2260"]
[Result "1-0"]
[Round "1"]
1.e4 e6
2.d4 d5
3.Nb1d2 Ng8f6
4.Bf1d3 c5
5.c3 cxd4
6.cxd4 dxe4
7.Nd2xe4 Bc8d7
8.Ng1f3 Nf6xe4
9.Bd3xe4 Bd7c6
10.Be4xc6 Nb8xc6
11.O-O Qd8d5
12.Bc1f4 Bf8e7
13.Qd1e2 O-O
14.Rf1d1 Rf8d8
15.a3 Ra8c8
16.h3 a5
17.Bf4e5 Be7d6
18.Be5xd6 Rd8xd6
19.Ra1c1 Rc8d8
20.Rc1c3 b6
21.Kh2 Rd6d7
22.Qe2a6 Qd5d6
23.g3 Nc6e7
24.Nf3e5 Rd7c7
25.Ne5c4 Rc7xc4
26.Qa6xc4 Ne7d5
27.Rc3c2 g6
28.h4 h5
29.Qc4b5 Qd6e7
30.Qb5e2 Qe7f6
31.Rc2c6 Qf6f5
32.Rd1c1 Kh7
33.Kg1 Qf5h3
34.Rc6c8 Rd8xc8
35.Rc1xc8 { resign }
1-0

[Event "Tourn. n8362"]
[Site "www.chess-mail.com"]
[Date "2015.10.26"]
[Round "1"]
[White "Farnation"]
[Black "Emerchess"]
[WhiteElo "1220"]
[BlackElo "1920"]
[Result "0-1"]
[Round "1"]
1.e4 d5
2.e5 Bc8f5
3.Qd1f3 e6
4.g4 Bf5e4
5.Qf3f4 Be4xh1
6.Bf1b5 c6
7.Bb5e2 Nb8d7
8.g5 Qd8c7
9.Be2h5 Qc7xe5
10.Qf4xe5 Nd7xe5
11.Ng1e2 Bh1e4
12.Ne2f4 Be4xc2
13.Nb1a3 Bc2f5
14.d4 Ne5d7
15.h4 Bf8b4
16.Bc1d2 Bb4xd2
17.Kxd2 Ng8e7
18.Ra1e1 O-O
19.b4 b6
20.g6 hxg6
21.Bh5f3 Ra8c8
22.h5 c5
23.hxg6 Ne7xg6
24.Nf4h5 cxd4
25.Na3b5 Rc8c2
26.Kd1 Rf8c8
27.Re1e2 Rc2c1
28.Kd2 Rc8c2
{ resign }
0-1

[Event "Tourn. n8449"]
[Site "www.chess-mail.com"]
[Date "2015.10.26"]
[Round "1"]
[White "Norlavuaram"]
[Black "Mitja"]
[WhiteElo "2190"]
[BlackElo "2000"]
[Result "1-0"]
[Round "1"]
1.e4 d5
2.exd5 Qd8xd5
3.Nb1c3 Qd5d8
4.Ng1f3 e6
5.Bf1c4 c6
6.d4 h6
7.O-O Ng8f6
8.Bc1f4 Nb8d7
9.Rf1e1 Nd7b6
10.Bc4b3 Nb6d5
11.Nc3xd5 Nf6xd5
12.Bf4g3 Bf8e7
13.c4 Nd5f6
14.Qd1e2 O-O
15.Ra1d1 b6
16.d5 cxd5
17.cxd5 Nf6xd5
18.Bb3xd5 exd5
19.Qe2xe7 Qd8xe7
20.Re1xe7 Rf8d8
21.Nf3e5 Kf8
22.Re7xf7 Kg8
23.Rf7c7 Bc8a6
24.Ne5c6 { resign }
1-0

[Event "Tourn. n8416"]
[Site "www.chess-mail.com"]
[Date "2015.10.26"]
[Round "1"]
[White "Mitja"]
[Black "Luban"]
[WhiteElo "2000"]
[BlackElo "2120"]
[Result "1/2-1/2"]
[Round "1"]
1.d4 d5
2.e3 e6
3.Ng1f3 Ng8f6
4.c3 c5
5.dxc5 Bf8xc5
6.Nb1d2 O-O
7.Nd2b3 Bc5d6
8.Bf1d3 a6
9.Bd3c2 Nb8c6
10.h3 b5
11.Nb3d4 Bc8b7
12.Nd4xc6 Bb7xc6
13.Nf3d4 Bc6b7
14.a3 Qd8c7
15.b4 Qc7xc3
16.Bc1d2 Qc3c7
17.O-O Ra8c8
18.Ra1c1 Qc7d7
19.Bc2b1 g6
20.Bd2c3 e5
21.Nd4f3 Rf8e8
22.Bc3b2 Rc8xc1
23.Qd1xc1 Re8c8
24.Qc1d2 Qd7e7
25.Rf1c1 Rc8xc1
26.Qd2xc1 Nf6d7
27.Qc1c3 f6
28.Bb1a2 Kg7
29.Qc3d2 Nd7b6
30.Nf3h2 Nb6c4
31.Qd2c2 Nc4xb2
32.Qc2xb2 Qe7c7
33.Nh2f1 e4
34.Qb2d2 Qc7c6
35.Ba2b3 Bd6e5
36.Nf1g3 Qc6c3
37.Qd2a2 Be5xg3
38.fxg3 Qc3e1
39.Kh2 Qe1xe3
40.Bb3xd5 Bb7xd5
41.Qa2xd5 Qe3d3
42.Qd5b7 Kh6
43.Qb7xa6 e3
44.Qa6xf6 Qd3e4
45.Qf6f8 Kg5
46.h4 Kh5
47.Qf8c5 Kh6
48.Qc5f8 Kh5
{ draw }
1/2-1/2

[Event "Tourn. n8427"]
[Site "www.chess-mail.com"]
[Date "2015.10.26"]
[Round "1"]
[White "Guidom"]
[Black "Liencam2"]
[WhiteElo "2160"]
[BlackElo "2290"]
[Result "0-1"]
[Round "1"]
1.e4 c5
2.Ng1f3 e6
3.c4 a6
4.Nb1c3 Qd8c7
5.d3 Nb8c6
6.Bc1e3 b6
7.d4 cxd4
8.Nf3xd4 Ng8f6
9.Bf1e2 Bc8b7
10.b3 Bf8b4
11.Qd1c2 Nf6xe4
12.O-O Bb4xc3
13.Qc2xe4 Bc3xa1
14.Rf1xa1 Nc6e7
15.Qe4g4 Ne7g6
16.Ra1e1 O-O
17.h4 f5
18.Qg4g5 f4
19.Be3c1 e5
20.h5 exd4
21.hxg6 hxg6
22.Qg5xg6 Ra8e8
23.Bc1b2 Qc7e5
24.Qg6xb6 Bb7c6
25.Bb2xd4 Qe5g5
26.g4 f3
{ resign }
0-1

[Event "Match"]
[Site "www.echecsemail.com"]
[Date "2015.10.26"]
[Round "1"]
[White "Yvan"]
[Black "Aggiesam"]
[WhiteElo "999"]
[BlackElo "1530"]
[Result "1-0"]
[Round "1"]
1.e4 e5
2.Ng1f3 Nb8c6
3.Bf1c4 Ng8h6
4.d3 Bf8c5
5.O-O O-O
6.Bc1xh6 gxh6
7.Nb1c3 Nc6d4
8.Nf3xe5 Qd8g5
9.f4 Nd4e2
10.Kh1 Ne2g3
11.hxg3 Qg5xg3
12.Qd1g4 Qg3xg4
13.Ne5xg4 d6
14.f5 Kh8
15.Ng4xh6 Kg7
16.Nh6g4 Ra8b8
17.Nc3d5 b5
18.Bc4b3 Bc8b7
19.f6 Kh8
20.Nd5e7 Rf8g8
21.Ne7xg8 Rb8xg8
22.Ng4h6 Rg8g5
23.Nh6xf7 { resign }
1-0

[Event "Match"]
[Site "www.echecsemail.com"]
[Date "2015.10.26"]
[Round "1"]
[White "Goosebumps"]
[Black "Pariolinius"]
[WhiteElo "1699"]
[BlackElo "1900"]
[Result "1/2-1/2"]
[Round "1"]
1.c4 c5
2.g3 g6
3.d4 cxd4
4.Qd1xd4 Ng8f6
5.Bf1g2 Bf8g7
6.Ng1f3 Nb8c6
7.Qd4d1 d6
8.Nb1c3 O-O
9.O-O Bc8e6
10.b3 Ra8c8
11.Bc1b2 Be6d7
12.e3 e5
13.Qd1xd6 Rf8e8
14.Ra1d1 Re8e6
15.Qd6d2 Qd8c7
16.Nf3g5 Re6e8
17.Nc3b5 Qc7d8
18.Nb5d6 Re8f8
19.Nd6xc8 Qd8xc8
20.Bg2xc6 Bd7xc6
21.Bb2xe5 h6
22.Ng5h3 Nf6e4
23.Qd2d4 Bg7xe5
24.Qd4xe5 Qc8xh3
25.f3 Ne4g5
26.e4 Rf8e8
27.Qe5a5 a6
28.Rd1d8 Qh3e6
{ draw }
1/2-1/2

[Event "Match"]
[Site "www.echecsemail.com"]
[Date "2015.10.26"]
[Round "1"]
[White "Jaguar91"]
[Black "Irene"]
[WhiteElo "2100"]
[BlackElo "2000"]
[Result "1-0"]
[Round "1"]
1.e4 e5
2.f4 exf4
3.Ng1f3 g5
4.Nb1c3 h6
5.Bf1c4 Qd8e7
6.d4 Bf8g7
7.Qd1d3 a6
8.Nc3d5 Qe7d6
9.e5 Qd6c6
10.O-O b5
11.Bc4b3 Bc8b7
12.Qd3f5 Kf8
13.Nd5e7 Kxe7
14.Qf5xf7 Kd8
15.Qf7xg7 d6
16.Qg7f8 Qc6e8
17.Qf8g7 Ng8e7
18.exd6 cxd6
19.Bc1d2 Qe8f8
20.Bd2a5 Kd7
21.Nf3e5 Ke8
22.Bb3f7 Qf8xf7
23.Qg7xf7 
1-0

[Event "Match"]
[Site "www.echecsemail.com"]
[Date "2015.10.26"]
[Round "1"]
[White "Jhw"]
[Black "Obisporey"]
[WhiteElo "2410"]
[BlackElo "2630"]
[Result "0-1"]
[Round "1"]
1.c4 c5
2.e3 Ng8f6
3.Nb1c3 d5
4.cxd5 Nf6xd5
5.Bf1b5 Bc8d7
6.Qd1g4 Bd7xb5
7.Nc3xb5 Nd5b4
8.Qg4e4 Qd8d7
9.a4 f5
10.Qe4b1 Nb8c6
11.Ng1e2 Nb4d3
12.Kf1 O-O-O
13.g3 e5
14.Kg2 Kb8
15.f3 Nc6a5
16.Ra1a3 c4
17.Qb1a2 Nd3xc1
18.Rh1xc1 Qd7xd2
19.Nb5c3 Qd2xe3
20.b4 Bf8xb4
21.Nc3d1 Qe3xa3
22.Qa2xa3 Bb4xa3
{ resign }
0-1

[Event "Match"]
[Site "www.echecsemail.com"]
[Date "2015.10.26"]
[Round "1"]
[White "Dulap"]
[Black "Darknight"]
[WhiteElo "999"]
[BlackElo "1680"]
[Result "1-0"]
[Round "1"]
1.e4 e5
2.Ng1f3 d6
3.d4 exd4
4.Nf3xd4 c6
5.Nb1c3 Qd8e7
6.Bf1e2 h6
7.O-O Nb8d7
8.Nd4f5 Qe7f6
9.Bc1f4 d5
10.Bf4g3 dxe4
11.Nf5e3 Nd7e5
12.Nc3xe4 Qf6g6
13.Ne4c3 Ne5d7
14.Rf1e1 Qg6h7
15.Be2d3 g6
16.Ne3d5 Bf8e7
17.Nd5c7 Kf8
18.Nc7xa8 Ng8f6
19.Nc3e4 Nf6xe4
20.Bd3xe4 h5
21.Na8c7 Be7f6
22.Bg3d6 Kg7
23.Qd1f3 Bf6e5
24.Bd6xe5 Nd7xe5
25.Qf3c3 f6
26.f4 Ne5f7
27.Qc3b3 Nf7d6
28.Nc7e6 Bc8xe6
29.Qb3xe6 Nd6f7
30.Ra1d1 Rh8g8
31.Rd1d7 Rg8f8
32.f5 g5
33.Rd7xb7 Qh7h6
34.Be4xc6 Kg8
35.Bc6d5 Qh6g7
36.Qe6d7 g4
37.Re1e7 h4
38.Bd5xf7 Kh8
39.Bf7g6 Qg7h6
40.Re7h7 { resign }
1-0

[Event "Match"]
[Site "www.echecsemail.com"]
[Date "2015.10.26"]
[Round "1"]
[White "Jhw"]
[Black "Comrade"]
[WhiteElo "2099"]
[BlackElo "2100"]
[Result "0-1"]
[Round "1"]
1.Ng1f3 d5
2.d4 Ng8f6
3.e3 e6
4.c4 b6
5.Nb1c3 Bc8b7
6.Nf3e5 Nb8c6
7.Qd1a4 Qd8d6
8.Nc3b5 Qd6b4
9.Qa4xb4 Bf8xb4
10.Bc1d2 Bb4xd2
11.Kxd2 Nf6e4
12.Ke2 O-O
13.f3 Ne4d6
14.Nb5xc7 Ra8c8
15.Nc7b5 Nd6xb5
16.cxb5 Nc6xe5
17.dxe5 Rc8c2
18.Kd1 Rc2xb2
19.Kc1 Rb2f2
20.a4 Rf8c8
21.Kb1 Rc8c2
22.Rh1g1 Rc2d2
23.Kc1 f6
24.exf6 gxf6
25.h4 e5
26.g4 Rd2c2
27.Kd1 Rc2c3
28.Ke1 Rf2xf3
29.Kd2 Rf3xe3
30.g5 f5
31.h5 d4
32.Bf1e2 Rc3a3
33.Ra1xa3 Re3xa3
34.Be2c4 Kg7
35.h6 Kg6
36.Bc4e6 Bb7e4
37.Be6d7 Ra3a2
38.Ke1 Ra2a1
39.Kf2 Ra1xg1
40.Kxg1 d3
41.Kf2 Kxg5
{ resign }
0-1